Central and Eastern Europe agriculture in transition N.5 Reorienting the cooperative structure in selected Eastern European countries: case-study on Poland
Αποθηκεύτηκε σε:
| Κύριος συγγραφέας: | |
|---|---|
| Μορφή: | Βιβλίο |
| Γλώσσα: | Undetermined |
| Έκδοση: |
Rome
FAO
1994
|
| Θέματα: | |
| Ετικέτες: |
Προσθήκη ετικέτας
Δεν υπάρχουν, Καταχωρήστε ετικέτα πρώτοι!
|
| Thư viện lưu trữ: | Trung tâm Học liệu Trường Đại học Cần Thơ |
|---|
| LEADER | 00615nam a2200193Ia 4500 | ||
|---|---|---|---|
| 001 | CTU_3717 | ||
| 008 | 210402s9999 xx 000 0 und d | ||
| 082 | |a 630 | ||
| 082 | |b C397/N.5 | ||
| 100 | |a T Hunek | ||
| 245 | 0 | |a Central and Eastern Europe agriculture in transition N.5 | |
| 245 | 0 | |b Reorienting the cooperative structure in selected Eastern European countries: case-study on Poland | |
| 245 | 0 | |c T Hunek | |
| 260 | |a Rome | ||
| 260 | |b FAO | ||
| 260 | |c 1994 | ||
| 650 | |a agriculture and state | ||
| 904 | |i Nguyễn Quang Điền, 960530 | ||
| 980 | |a Trung tâm Học liệu Trường Đại học Cần Thơ | ||